[Event "Las Americas op U1800 Hybrid"]
[Site "Internet"]
[Date "2022.06.04"]
[Round "1.12"]
[White "Peralta Jimenez, Mayrin Elizabeth"]
[Black "Sozoranga Barahona, Jordy Alexander"]
[Result "1-0"]
[WhiteElo "1678"]
[BlackElo "1445"]
[PlyCount "49"]
[EventDate "2022.06.04"]
[EventType "swiss"]
[EventRounds "6"]
[EventCountry "VEN"]
[SourceTitle "EXT 2024"]
[Source "ChessBase"]
[SourceDate "2023.10.10"]
[SourceVersion "1"]
[SourceVersionDate "2023.10.10"]
[SourceQuality "1"]

1. e4 e5 2. Nf3 Nf6 3. Bc4 Nxe4 4. Nc3 Nxc3 5. dxc3 f6 6. 0-0 c6 7. Re1 d6 8. Nh4 g6 9. f4 Bg7 10. f5 gxf5 11. Qh5+ Kd7 12. Nxf5 Qf8 13. Qg4 Kc7 14. Qxg7+ Bd7 15. Qxf8 Rxf8 16. Bh6 Re8 17. Ng7 Re7 18. Rf1 d5 19. Be2 Bc8 20. Rxf6 Nd7 21. Rf2 Nc5 22. Raf1 Ne4 23. Rf7 Rxf7 24. Rxf7+ Kb6 25. Be3+ 1-0